| 000 | 00447nam a2200181Ia 4500 | ||
|---|---|---|---|
| 001 | 23223 | ||
| 005 | 20260414150923.0 | ||
| 008 | 260414t1989||||xx |||||||||||||| ||spa|| | ||
| 041 | _aESP | ||
| 082 |
_a627 _bP77 |
||
| 100 |
_aPonce, Victor Miguel _eAUT |
||
| 245 | 0 |
_aEngineering hydrology : _bprinciples and practices |
|
| 260 | _c1989 | ||
| 300 |
_axv, 640 páginas : _c24 cm. |
||
| 650 | _a0 | ||
| 654 | _aCIC | ||
| 942 |
_cLIB _dJUS _fJUS _2ddc _n |
||
| 999 |
_c23223 _d23223 |
||